Vzťah medzi preferovanými životnými cestami a sebaspokojnosťou vysokoškolských študentov
Výsledky výskumu, ktorého cieľom bolo zistiť, akú životnú cestu preferujú študenti Slovenskej technickej univerzity z hľadiska rôznych kritérií. Zároveň sa výskum zaoberá otázkou, či jestvuje vzťah medzi preferovanými životnými cestami a sebaspokojnosťou študentov. Výskumnú vzorku tvorili študenti d...
Gespeichert in:
| 1. Verfasser: | |
|---|---|
| Weitere Verfasser: | |
| Format: | Buchkapitel |
| Sprache: | Slowakisch |
| Schlagworte: | |
| Tags: |
Keine Tags, Fügen Sie das erste Tag hinzu!
|
MARC
| LEADER | 00000naa$a2200000$$$4500 | ||
|---|---|---|---|
| 001 | 0030467 | ||
| 005 | 20231013113102.6 | ||
| 041 | 0 | |a slo | |
| 044 | |a SK | ||
| 245 | 1 | 0 | |a Vzťah medzi preferovanými životnými cestami a sebaspokojnosťou vysokoškolských študentov |c Zuzana Chmelárová, Ludmila Bustinová |
| 520 | |a Výsledky výskumu, ktorého cieľom bolo zistiť, akú životnú cestu preferujú študenti Slovenskej technickej univerzity z hľadiska rôznych kritérií. Zároveň sa výskum zaoberá otázkou, či jestvuje vzťah medzi preferovanými životnými cestami a sebaspokojnosťou študentov. Výskumnú vzorku tvorili študenti doplňujúceho pedagogického štúdia v školskom roku 2003/2004. | ||
| 610 | 2 | 0 | |a študenti |
| 610 | 2 | 0 | |a výskum |
| 610 | 2 | 0 | |a metódy výskumu |
| 610 | 2 | 0 | |a výskum sociologický |
| 610 | 2 | 0 | |a sebapoznanie |
| 610 | 2 | 0 | |a štýl životný |
| 610 | 2 | 0 | |a hodnota |
| 100 | 1 | |a Chmelárová, Zuzana, 1967- | |
| 700 | 1 | |a Bustinová, Ludmila | |